000 01290nam a2200253Ia 4500
999 _c38470
_d38470
001 4482
003 GE_BSU
005 20220517114716.0
008 181216sge ||||xx |||||||||||||| ||geo||
020 _a97899410326675
041 _ageo
080 _a321.7+341.231.4+342.4+342.71+314.325.342.5 დ-33
245 _aდემოკრატია და მოქალაქეობა : საკითხავი მასალა სტუდენტისათვის /
_cგრიერ ბუროუსი ; ზაზა რუხაძე ; მარინე კვაჭაძე ; რედ : ზვიად მიმინოშვილი.
264 _aთბილისი,
_b2011.
300 _a319 გვ .:
_c24 სმ.
653 _aდემოკრატია და მოქალაქეობა
653 _aპოლიტიკური ორგანიზაციის ფორმები.
653 _a15 ლარი
700 _aბუროუსი, გრიერ
_93324
700 _aრუხაძე, ზაზა
_9189
700 _aკვაჭაძე, მარინე
_92237
700 _aმიმინოშვილი, ზვიად
_eრედაქტორი
_93325
942 _cBK
_2udc